| 000 | 00515nam a2200169 i 4500 | ||
|---|---|---|---|
| 001 | 43082 | ||
| 003 | ES-MaACL | ||
| 005 | 20231227153119.0 | ||
| 007 | t| | ||
| 008 | 030314s1911 sp ||||1| spa d | ||
| 100 | 1 |
_aCastro, Rosalía de, _d1837-1885 _9147676 |
|
| 245 | 1 | 3 |
_aEl caballero de las botas azules _b: (cuento extraño) / _cRosalía de Castro. |
| 260 |
_aMadrid : _b[s.n., _c1911] ( _fSuc. de Hernándo) |
||
| 300 |
_a360 p. ; _c19 cm. |
||
| 852 |
_aES-MaACL _jG-13886 |
||
| 999 |
_c43082 _d43082 |
||